Statistics for Top Producing Countries Quiz

Click here to take the quiz!

General Stats

  • This quiz has been taken 60,096 times
    (10,508 since last reset)
  • The average score is 11 of 22

Answer Stats

Product Top Producers % Correct
Corn (maize)United States
95%
Maple syrupCanada
87%
WineItaly / Spain
82%
CoalChina
77%
OlivesSpain / Greece
74%
CoffeeBrazil / Vietnam
71%
SugarcaneBrazil
67%
AvocadosMexico
64%
WoolAustralia
61%
OpiumAfghanistan
60%
MangosIndia
47%
DatesEgypt / Iran
46%
Palm OilIndonesia / Malaysia
40%
DiamondsRussia / Botswana
38%
RubberThailand / Indonesia
33%
QuinoaPeru / Bolivia
27%
CinnamonIndonesia
26%
CorkPortugal / Spain
26%
ApricotsTurkey
26%
CobaltD.R. Congo
22%
YamsNigeria / Ghana
18%
CopperChile / Peru
18%

Score Distribution

Percentile by Number Answered

Percent of People with Each Score

Your Score History

You have not taken this quiz since the last reset